How Students Perceive Online Teaching IT Subjects within the MS Teams Environment
Postoj študentov k prednáškam a cvičeniam vedeným cez aplikáciu MS Teams. Rôzny postoj mužov a žien k online vyučovaniu.
Gespeichert in:
| 1. Verfasser: | |
|---|---|
| Weitere Verfasser: | |
| Format: | Buchkapitel |
| Sprache: | Englisch |
| Schlagworte: | |
| Tags: |
Keine Tags, Fügen Sie das erste Tag hinzu!
|
MARC
| LEADER | 00000naa a2200000 4500 | ||
|---|---|---|---|
| 001 | 0280934 | ||
| 005 | 20240502083900.1 | ||
| 041 | 0 | |a eng | |
| 044 | |a HU | ||
| 245 | 1 | 0 | |a How Students Perceive Online Teaching IT Subjects within the MS Teams Environment |c Martin Mišút, Mária Mišútová |
| 520 | |a Postoj študentov k prednáškam a cvičeniam vedeným cez aplikáciu MS Teams. Rôzny postoj mužov a žien k online vyučovaniu. | ||
| 610 | 2 | 0 | |a vzdelávanie elektronické |
| 610 | 2 | 0 | |a technológie komunikačné |
| 610 | 2 | 0 | |a technológie informačné |
| 610 | 2 | 0 | |a študenti |
| 610 | 2 | 0 | |a vyučovanie |
| 610 | 2 | 0 | |a prednášky |
| 100 | 1 | |a Mišút, Martin, 1962- | |
| 700 | 1 | |a Mišútová, Mária | |